Official agricultural land price in the Slovak Republic

Pokiaľ nebude úplne rozvinutý trh s pôdou na Slovensku a etablované trhové ceny pôdy, majú praktické využitie aj úradne stanovené ceny poľnohospodárskej pôdy. V súčasnosti ide o to, aby cena pôdy vyjadrovala cenu ponuky, ktorá pokrýva dôchodkovosť pôdneho stanoviska pri spoločensky nevyhnutných nákl...

Ausführliche Beschreibung

Gespeichert in:
Bibliographische Detailangaben
1. Verfasser: Bradáčová, Katarína
Format: Buchkapitel
Sprache:Englisch
Schlagworte:
Tags: Tag hinzufügen
Keine Tags, Fügen Sie das erste Tag hinzu!

MARC

LEADER 00000naa$a2200000$$$4500
001 0057207
005 20231128141209.6
041 0 |a eng 
044 |a CZ 
245 1 0 |a Official agricultural land price in the Slovak Republic  |c Katarína Bradáčová 
520 |a Pokiaľ nebude úplne rozvinutý trh s pôdou na Slovensku a etablované trhové ceny pôdy, majú praktické využitie aj úradne stanovené ceny poľnohospodárskej pôdy. V súčasnosti ide o to, aby cena pôdy vyjadrovala cenu ponuky, ktorá pokrýva dôchodkovosť pôdneho stanoviska pri spoločensky nevyhnutných nákladoch. Za takýchto okolností v prechodnom období môžu cenami efektívnej ponuky a dopytu byť aj centrálne stanovené pevné ceny pôdy, pokiaľ vyhovujú uvedeným podmienkam. Úradné ceny sú v súčasnosti využívané na fiškálne účely a riešenie majetkovo-právnych vzťahov k pôde. Priemerné úradné ceny poľnohospodárskej pôdy na Slovensku v roku 2005. 
610 2 0 |a pôda poľnohospodárska 
610 2 0 |a ceny trhové 
610 2 0 |a cena pôdy 
610 2 0 |a hodnota pôdy 
610 2 0 |a Slovensko 
100 1 |a Bradáčová, Katarína